Click the Federal Subjects of Russia on a Map - Statistics

General Stats
  • This quiz has been taken 976 times
    974 since last reset
  • The average score is 38 of 85
Answers on the Map
Answers color-coded by a green-red scale on the quiz's map according to % correct below.
 
Answer Stats
Answer % Correct
Kamchatka Krai
73%
Sakha (Yakutia)
73%
Moscow Oblast
72%
Kaliningrad Oblast
71%
Murmansk Oblast
70%
Republic of Crimea
70%
Jewish Autonomous Oblast
66%
Karelia
66%
Saint Petersburg
66%
Dagestan
65%
Leningrad Oblast
64%
Sakhalin Oblast
64%
Moscow
62%
Arkhangelsk Oblast
61%
Sevastopol
60%
Krasnoyarsk Krai
58%
Chukotka Autonomous Okrug
56%
Irkutsk Oblast
56%
Magadan Oblast
55%
Amur Oblast
53%
Khabarovsk Krai
53%
Rostov Oblast
53%
Chechnya
52%
Nenets Autonomous Okrug
52%
Primorsky Krai
52%
Pskov Oblast
52%
Komi Republic
50%
Tuva
49%
Volgograd Oblast
49%
Yamalo-Nenets Autonomous Okrug
49%
Adygea
45%
Buryatia
45%
Zabaykalsky Krai
45%
Khanty-Mansi Autonomous Okrug
44%
Krasnodar Krai
44%
Altai Republic
43%
Astrakhan Oblast
42%
Kursk Oblast
42%
North Ossetia–Alania
42%
Orenburg Oblast
42%
Perm Krai
42%
Belgorod Oblast
41%
Bryansk Oblast
41%
Ingushetia
41%
Saratov Oblast
41%
Vologda Oblast
41%
Bashkortostan
40%
Omsk Oblast
40%
Altai Krai
39%
Kalmykia
39%
Tomsk Oblast
39%
Karachay-Cherkessia
38%
Novosibirsk Oblast
38%
Chelyabinsk Oblast
37%
Kirov Oblast
37%
Stavropol Krai
37%
Tatarstan
37%
Novgorod Oblast
36%
Ryazan Oblast
35%
Sverdlovsk Oblast
35%
Tyumen Oblast
35%
Udmurtia
35%
Kemerovo Oblast
34%
Khakassia
34%
Smolensk Oblast
34%
Tver Oblast
34%
Voronezh Oblast
34%
Kabardino-Balkaria
33%
Vladimir Oblast
33%
Yaroslavl Oblast
33%
Nizhny Novgorod Oblast
32%
Samara Oblast
31%
Tula Oblast
31%
Kostroma Oblast
30%
Oryol Oblast
30%
Kurgan Oblast
29%
Ulyanovsk Oblast
29%
Penza Oblast
27%
Ivanovo Oblast
26%
Kaluga Oblast
26%
Lipetsk Oblast
26%
Mari El
26%
Mordovia
25%
Chuvashia
24%
Tambov Oblast
22%
No matching quizzes found
Score Distribution
Percent of People with Each Score
Percentile by Number Answered
Your Score History
You have not taken this quiz since the last reset